000 00571nam a2200205Ia 4500
003 GCL
008 140319s9999 xx 000 0 ara d
040 _aGCL /
_cGCL
082 0 4 _a812.042
_bز ل
100 1 _aمحمد كامل كمالى
245 1 0 _aلورنس العرب /
_cمحمد كامل كمالى
700 1 _aراتيحان
700 1 _aتيرانس
300 _a272
490 _aمسرحيات عالمية
_v0
650 0 4 _aالادب العربى
650 0 4 _aالدراما
650 0 4 _aالمسرحيات العربية
942 _2ddc
_cBK
999 _c43139
_d43139